MARC

LEADER 00000nam0a2200000 4500
001 259866
005 20231101233427.0
010 |a 5376003612 
035 |a (RuTPU)RU\TPU\book\282812 
090 |a 259866 
100 |a 20140513d1988 k y0rusy50 ca 
101 0 |a rus 
102 |a MD 
105 |a a z 001zy 
200 1 |a Неблагоприятные гидрологические процессы в Молдавии  |f Академия наук Молдавской ССР (АН МССР), Институт геофизики и геологии ; под ред. В. В. Снегового 
210 |a Кишинев  |c Штиинца  |d 1988 
215 |a 71 с.  |c ил. 
320 |a Библиогр.: с. 64-69. 
606 1 |a Гидрологические наблюдения  |2 stltpush  |3 (RuTPU)RU\TPU\subj\66650  |9 82701 
610 1 |a гидрологические процессы 
610 1 |a Молдавия 
610 1 |a неблагоприятные процессы 
610 1 |a предупреждение 
610 1 |a обильные осадки 
610 1 |a поверхностный сток 
610 1 |a эрозионные процессы 
610 1 |a селевые явления 
610 1 |a малые реки 
675 |a 556.04  |v 3 
702 1 |a Снеговой  |b В. В.  |4 340 
712 0 2 |a Академия наук Молдавской ССР (АН МССР)  |b Институт геофизики и геологии  |2 stltpush  |3 (RuTPU)RU\TPU\col\13863 
801 1 |a RU  |b 63413507  |c 20140513 
801 2 |a RU  |b 63413507  |c 20150420  |g RCR 
942 |c BK